01300cam a22003255a 45000010009000000050017000090080041000260200018000670400036000850820019001211000019001402450085001592500012002442600100002563000035003565000027003915040051004185380049004695500052005185900047005705900078006176500039006956510010007346530025007447000021007697000020007909420008008109990017008189520139008351178591120161201114036.0131017t2014 maua frbd 001 0 eng d z9781449691998 aCtWfDGIbengcCtWfDGIdEG-ScBUE04a005.1222bTSU1 aTsui, Frank F.10aEssentials of software engineering /cFrank Tsui, Orlando Karam, Barbara Bernal. a3rd ed. aBurlington :bJones & Bartlett Learning,cc.2014e(Norwood, Mass. :fBooks24x7.com [generator]) axvii, 327 p. :bill. ;c24 cm. aGlossary : p. 317-319. aIncludes bibliographical references and index. aMode of access: Internet via World Wide Web. aDigitized and made available by: Books24x7.com. aAccess is available to the Yale community. aFirst time users must register for a free personal username and password. 7aSoftware engineering.2BUEsh93832 2BUEsh bENGELCcDecember20161 aBernal, Barbara.1 aKaram, Orlando. 2ddc c23407d23379 00102ddc40708BaccahaMAINbMAINcLOWd2016-12-01ePurchaseg527.00h3653l0o005.1 TSUp000040168r2025-07-15 00:00:00v659.00yBB